000 00576nam a2200217Ia 4500
005 20241129115758.0
008 241129s9999||||xx |||||||||||||| ||und||
020 _a9788119133406
037 _aTB
040 _aSDCL
_beng
_cSDCL
041 _ahin
_2hin
084 _aO152,6N48x R3
_qSDCL
100 _aSharma Nasera
_9393750
245 0 _aApne Khawab Ki Tabir Chahti Hoon
260 _aDelhi
_bLokbharti Prakashan India
_c2023
300 _a207p.
365 _aINR
_b595
650 _aHindi
942 _cTB
_hO152,6N48x R3
999 _c1231979
_d1231979